Δημιουργία πολυμεσικής εφαρμογής με θέμα την αλληλεπίδραση ανθρώπινης κίνησης και νέων τεχνολογιών : η δομή της κίνησης μέσα από τη θεωρία του R.v.Laban και η ηχοποίηση της εικόνας : πτυχιακή εργασία

Saved in:
Bibliographic Details
Main Author: Ιωαννάτου, Μαρίνα-Ισμήνη
Corporate Author: Πανεπιστήμιο Αιγαίου. Σχολή Κοινωνικών Επιστημών. Τμήμα Πολιτισμικής Τεχνολογίας και Επικοινωνίας
Other Authors: Αναγνωστόπουλος, Χρήστος (Thesis advisor)
Format: Thesis Book
Language:Greek
Published: Μυτιλήνη : Πανεπιστήμιο Αιγαίου, Τμήμα Πολιτισμικής Τεχνολογίας και Επικοινωνίας, 2005
Subjects:
Online Access:http://hdl.handle.net/11610/10691
Tags: Add Tag
No Tags, Be the first to tag this record!

MARC

LEADER 00000cam a2200000 i 4500
001 1/23903
008 060210s2005 gre d
035 |l 10082546 
040 |a GR-MY-UA  |b gre  |e aacr 
041 0 |a gre 
082 0 |a 303.4833  |2 (22) 
100 1 |a Ιωαννάτου, Μαρίνα-Ισμήνη. 
245 1 0 |a Δημιουργία πολυμεσικής εφαρμογής με θέμα την αλληλεπίδραση ανθρώπινης κίνησης και νέων τεχνολογιών :  |b η δομή της κίνησης μέσα από τη θεωρία του R.v.Laban και η ηχοποίηση της εικόνας : πτυχιακή εργασία /  |c Μαρίνα Ισμήνη Ιωαννάτου ; υπεύθυνος καθηγητής Χρήστος Αναγνωστόπουλος 
260 |a Μυτιλήνη :   |b Πανεπιστήμιο Αιγαίου, Τμήμα Πολιτισμικής Τεχνολογίας και Επικοινωνίας,   |c 2005 
300 |a 82 σ.;  |b εικ.;  |c 30 εκ. 
502 |a Πτυχιακή εργασία – Πανεπιστήμιο Αιγαίου, Λέσβος, 2005. 
504 |a Βιβλιογραφία: 79-80 
650 0 0 |a Technology  |x Social aspects. 
650 0 0 |a Technology  |x Social aspects  |x Interactive multimedia. 
650 0 0 |a Dissertations, Academic  |z Greece. 
700 1 |a Αναγνωστόπουλος, Χρήστος.  |4 ths 
710 2 |a Πανεπιστήμιο Αιγαίου.   |b Σχολή Κοινωνικών Επιστημών.   |b Τμήμα Πολιτισμικής Τεχνολογίας και Επικοινωνίας. 
852 |a INST  |b LESVOS  |c DIATR  |e 20060210  |h 95  |p 005100034290  |q 005100034290  |t DIE  |y 23 
852 |a INST  |b LESVOS  |c DIATR  |e 20060210  |h 96  |p 005100034271  |q 005100034271  |t DIE  |y 23 
856 |u http://hdl.handle.net/11610/10691 
901 |a BIBL1-2006-1 
909 |a Λ  |b 124224 
909 |a Λ  |b 124225 
924 |a ΙΩΑΝΝΑΤΟΥ  |b ΜΑΡΙΝΑ-ΙΣΜΗΝΗ  |y ΛΕΣΒΟΣ  |z 2005-09 
970 |a ΜΑΡΙΝΑΤΟΥ  |b ΜΥΡΣΙΝΗ  |z 2006/02/10